Music Quiz

Random Music or Bands Quiz

Name The Punk Bands By Songs Quiz Stats

 Plays Quiz not verified by Sporcle

Challenge
Share
Tweet
Embed
Score 0/30 Timer 12:00
0 Plays Today
Songs Band % Correct
Pretty Vacant, Submission, EMIThe Sex Pistols
80.4%
Wart Hog, Rockaway Beach, The CrusherThe Ramones
77.9%
Janie Jones, Ivan Meets GI Joe, English Civil WarThe Clash
65.1%
Six Pack, Can't Decide, WastedBlack Flag
62.3%
Liza And Louise, Linoleum, Dinosaurs Will DieNOFX
58.4%
Boredom, Orgasm Addict, Sitting 'Round At HomeThe Buzzcocks
58.4%
Neat Neat Neat, Anti-Pope, Born To KillThe Damned
42%
1998, Adina, Don GiovanniRancid
40.9%
I'm Not A Punk, Silly Girl, CaughtThe Descendents
37%
Manimal, Forming, Lexicon DevilThe Germs
35.6%
Anti Manifesto, Dear Coach's Corner, Natural DisastersPropagandhi
23.1%
Man And Machine, Code Blue, Silent MajorityTSOL
21%
Slogans, Leather Jacket, Hey SuburbiaScreeching Weasel
18.5%
I Felt Like A Gringo, Joe McCarthy's Ghost, CoronaThe Minutemen
14.9%
New Direction, Big Mouth, Cats And DogsGorilla Biscuits
13.5%
Songs Band % Correct
Police Car, We Are The Firm, Flares 'n SlippersThe Cockney Rejects
11%
Reaganomics, Violent Pacification, Suit And Tie GuyDRI
10.7%
Alcohol, Casio Jungle, RabiesGang Green
10%
White Homes, Libel, Old School PigTilt
10%
An American Banned, Let Them Eat Thomas Paine, Noble StabbingsDillinger Four
9.3%
Nothing But A Nightmare, Poppycock, Media PersonRudimentary Peni
7.1%
Mokey Suit, Butcher Baby, CorruptionThe Plasmatics
7.1%
God Not God, The Badge, Punish MePoison Idea
5%
Punk Rock Records, Kicked In The Teeth, China KnievalZeke
3.9%
Boston's Finest, Civil Defense, Trendy Nazi HypocritesFUs
2.8%
Brian's Song, Lucky, SubdivisionFifteen
2.8%
Arrested, Walking Dead, Killing For FunGovernment Warning
2.5%
No Hospitals, The Action Pact, DeathshipsBuilding Better Bombs
1.8%
Mandatory Protest Song, Society Scandal, Youth Crue Uber AllesDS 13
1.8%
Emaciation, Seriously, What Are Little Girls Made Of?Spitboy
1.4%

You're not logged in!

Compare scores with friends on all Sporcle quizzes.
OR
Log In

You Might Also Like...

Show Comments

Extras

Created Dec 17, 2009ReportNominate
Tags:Bands Quiz, Song Quiz, punk

Top Quizzes Today


Score Distribution

Your Account Isn't Verified!

In order to create a playlist on Sporcle, you need to verify the email address you used during registration. Go to your Sporcle Settings to finish the process.

Report this User

Report this user for behavior that violates our Community Guidelines.

Details: